[Event "XVII MetLife Najdorf Open 2017"]
[Site "Warsaw"]
[Date "2017.07.10"]
[Round "2.16"]
[White "Markowski, Tomasz"]
[Black "Teclaf, Pawel"]
[Result "1/2-1/2"]
[WhiteElo "2557"]
[BlackElo "2372"]
[Annotator "TA"]
[PlyCount "114"]
[EventDate "2017.??.??"]
[EventType "swiss"]
[EventCountry "POL"]
[SourceTitle "playchess.com"]
[Source "ChessBase"]
[SourceQuality "1"]

{[%evp 9,114,-8,12,0,0,0,27,9,18,16,21,0,11,0,14,-5,18,17,20,18,20,24,58,50,62,64,70,36,62,33,36,33,36,34,49,28,31,24,34,34,49,37,37,28,28,29,44,31,50,40,45,20,34,19,24,13,33,0,0,-9,20,10,12,0,3,0,0,0,0,0,60,68,63,0,6,6,6,0,3,0,21,8,12,0,13,10,18,4,5,0,9,0,0,0,14,0,6,0,18,0,12,0,0,0,5,0,0]} 1. g3 d5 2. Nf3 Nf6 3. Bg2 g6 4. c4 Bg7 5. Qa4+ (5. cxd5 Nxd5 6. O-O c5 7. Nc3 O-O 8. Qb3 e6 9. d3 Nc6 10. Bg5 Qd7 11. Ne4 b6 12. h4 Bb7 13. h5 h6 14. Bd2 g5 15. Rfc1 f5 16. Nc3 {0-1 (34) Anand,V (2776)-Li,C (2746) Moscow 2016}) 5... Nbd7 6. cxd5 {A15: English Opening: 1...Nf6} O-O 7. O-O Nxd5 8. Nc3 $146 {White has an edge.} ({Predecessor:} 8. d3 e5 9. Nbd2 N7b6 10. Qa5 f6 11. Nb3 Ne7 12. Bd2 Nc6 {½-½ (71) Markowski,T (2587)-Roiz,M (2529) Istanbul 2003}) 8... N7b6 9. Qa5 c6 10. d4 (10. e4 $5 {[%cal Re4d5]} Nc7 11. d4 $11) 10... Bg4 11. Rd1 (11. e4 $5 {[%cal Re4d5]} Bxf3 12. Bxf3 $11) 11... Nxc3 12. bxc3 Qd5 13. Qa3 Qh5 14. Bf4 Nd5 15. Bd2 e5 16. dxe5 Bxf3 17. Bxf3 Qxe5 18. Rab1 Nb6 19. Be1 (19. Bf4 $5 {[%cal Rf4e5]} Qe6 20. Rd3 $14) 19... Rfe8 20. Kg2 Qe7 21. Qb3 Qc5 22. Rd3 (22. c4 $5) 22... Rad8 23. Rbd1 Rxd3 24. exd3 Qf5 25. d4 Re6 26. Qb1 Qxb1 27. Rxb1 Re7 28. Kf1 Rd7 29. Ke2 Bh6 30. Be4 Kf8 31. Bd3 Ke7 32. h4 Kd8 33. Bc2 Nc4 {...Na3 is the strong threat.} 34. Bb3 (34. Bd3 {looks sharper.} Nb6) 34... Nd6 (34... Na3 {is more complex.} 35. Rd1 b5 36. Bd2 Re7+ 37. Kd3 Bxd2 38. Rxd2 a5) 35. Kf3 Kc7 36. a4 f5 37. Ke2 Re7+ 38. Kd3 Re8 39. Rd1 Bg7 (39... b6 $11) 40. Bd2 $14 Ne4 41. Be1 (41. Bf4+ $14 Kd7 42. Rf1) 41... Bf8 {The position is equal.} 42. f3 Nf6 43. Bf2 a5 44. Rg1 b6 45. Bc4 Bd6 46. Kc2 Re7 47. Bd3 Re8 48. Kd2 Nh5 49. Bc4 Nf6 50. Rb1 Nh5 51. Rg1 Nf6 52. Bd3 Nh5 53. Kc2 Re7 54. Bc4 Nf6 55. Kd1 Re8 56. Bd3 Nh5 57. Bc4 Nf6 {Precision: White = 42%, Black = 47%.} 1/2-1/2

[Event "XVII MetLife Najdorf Open 2017"]
[Site "Warsaw"]
[Date "2017.07.10"]
[Round "2.17"]
[White "Omar, Noaman"]
[Black "Kveinys, Aloyzas"]
[Result "0-1"]
[WhiteElo "2354"]
[BlackElo "2542"]
[Annotator "TA"]
[PlyCount "84"]
[EventDate "2017.??.??"]
[EventType "swiss"]
[EventCountry "POL"]
[SourceTitle "playchess.com"]
[Source "ChessBase"]
[SourceQuality "1"]

{[%evp 12,84,46,34,34,25,23,22,32,30,27,35,31,13,19,19,10,21,43,44,59,54,50,37,61,30,47,43,68,54,54,56,55,33,36,26,29,0,87,84,89,87,81,0,76,28,30,35,23,20,32,-35,0,-202,-208,-204,-213,-419,-328,-311,-308,-439,-436,-478,-486,-527,-456,-694,-523,-743,-744,-822,-748,-781,-819]} 1. d4 Nf6 2. c4 e6 3. Nc3 Bb4 4. Qc2 O-O 5. Nf3 c5 6. dxc5 Bxc5 7. Bg5 b6 {E39: Nimzo-Indian: Classical: 4...c5 5 dxc5 0-0} 8. e3 Bb7 9. Be2 a6 {The position is equal.} 10. O-O Be7 11. Rfd1 d6 12. Rd2 Nbd7 13. Rad1 Qc7 14. Bf4 {[%cal Rf4d6]} e5 15. Bg5 {[#]} g6 $146 ({Predecessor:} 15... Rfd8) 16. Qb1 Rfe8 17. h3 Bf8 18. e4 Rac8 19. Nh2 Qc6 {[%cal Rf6e4]} 20. Nd5 Nxd5 21. cxd5 Qc7 22. Ng4 h5 23. Nh2 Kh7 24. g4 Bh6 (24... hxg4 $1 $11 {keeps the balance.} 25. Bxg4 Be7 26. Bxe7 Rxe7) 25. Bxh6 $16 Kxh6 26. gxh5 gxh5 27. Kh1 (27. Nf1 $16) 27... Rg8 (27... f5 $11) 28. Qd3 {Threatens to win with Qe3+.} Qd8 29. Qe3+ Qg5 30. Qxg5+ Kxg5 31. Rd3 (31. h4+ $14 Kf4 32. Rd3) 31... Nc5 32. Rf3 $2 {[#]} (32. Re3 $11) 32... Nxe4 $19 {aiming for ...f5.} 33. Rxf7 Kh6 34. Nf1 $2 (34. Rf5 Rg5 35. Rxg5 Nxg5 36. Kg2) 34... Rcf8 35. Rxf8 Rxf8 36. Kg1 (36. Re1 {was the only chance.}) 36... Nxf2 {Black is clearly winning.} 37. Rd2 Nxh3+ 38. Kh2 Ng5 39. Ne3 (39. Kg1 $142) 39... Rf3 40. Nc4 Rf2+ 41. Kg1 Nh3+ 42. Kh1 Nf4 {Precision: White = 41%, Black = 57%.} 0-1

[Event "XVII MetLife Najdorf Open 2017"]
[Site "Warsaw"]
[Date "2017.07.10"]
[Round "2.18"]
[White "Warakomski, Tomasz"]
[Black "Zylka, Stanislaw"]
[Result "1-0"]
[WhiteElo "2518"]
[BlackElo "2368"]
[Annotator "TA"]
[PlyCount "61"]
[EventDate "2017.??.??"]
[EventType "swiss"]
[EventCountry "POL"]
[SourceTitle "playchess.com"]
[Source "ChessBase"]
[SourceQuality "1"]

{[%evp 26,61,-8,-18,0,0,0,-6,0,0,0,-11,0,0,17,19,18,4,18,17,25,24,25,24,27,14,47,51,62,61,1317,1260,29992,29993,29997,29995,29998,29999]} 1. e4 e5 2. Nf3 Nc6 3. Bb5 a6 4. Bxc6 dxc6 5. O-O Bg4 6. h3 h5 7. d3 Qf6 8. Be3 Bxf3 9. Qxf3 Qxf3 10. gxf3 Bd6 11. Nd2 Ne7 12. Rfb1 Ng6 13. b4 {C68: Ruy Lopez: Exchange Variation, sidelines} (13. Kf1 c5 14. Nc4 Be7 15. a3 a5 16. b4 axb4 17. axb4 Rxa1 18. Rxa1 cxb4 19. Ra8+ Bd8 20. Na5 b6 {½-½ (40) Solak,D (2641)-Ding,L (2783) Khanty-Mansiysk 2017}) 13... f6 14. Kf1 {LiveBook: 3 Games} Kf7 15. Nc4 {The position is equal.} Rhb8 $146 ({Predecessor:} 15... Rhd8 16. Ke2 Nf8 17. Na5 Rdb8 18. c3 Ne6 19. a4 g6 20. d4 f5 {1-0 (35) Tzermiadianos,A (2453)-Guadalpi,D (2317) Warsaw 2005}) 16. Na5 Nf8 17. c3 Ne6 18. d4 exd4 19. cxd4 Nf4 (19... g6 {keeps more tension.} 20. a3 h4 21. Rd1 g5 22. Ke2 Kg6) 20. Bxf4 Bxf4 21. a3 Ra7 22. Ra2 Rd8 23. Rd1 Kg6 24. Rc2 Kg5 25. Rc5+ Kh4 26. Nc4 g6 27. Ne3 Kxh3 $2 {[%mdl 8192] [#]} (27... Bxe3 $14 28. fxe3 a5) 28. Ke2 $18 Bxe3 29. fxe3 {White mates.} Kh4 30. Rh1+ Kg3 31. Rcc1 {Precision: White = 82%, Black = 19%.} 1-0

[Event "XVII MetLife Najdorf Open 2017"]
[Site "Warsaw"]
[Date "2017.07.10"]
[Round "2.19"]
[White "Lagunow, Raphael"]
[Black "Golubov, Saveliy"]
[Result "0-1"]
[WhiteElo "2348"]
[BlackElo "2516"]
[Annotator "TA"]
[PlyCount "64"]
[EventDate "2017.??.??"]
[EventType "swiss"]
[EventCountry "POL"]
[SourceTitle "playchess.com"]
[Source "ChessBase"]
[SourceQuality "1"]

{[%evp 13,64,19,6,-6,0,-38,7,0,0,3,0,0,0,-3,0,-9,0,0,0,0,0,0,0,-8,-8,-8,-8,-8,-8,-13,-13,-15,0,-9,-11,-12,-6,-17,5,-10,-8,-8,-10,-12,-15,-72,-70,-68,-73,-364,-358,-738,-799]} 1. e4 c5 2. Nf3 e6 3. c3 Nc6 4. d4 d5 5. exd5 exd5 6. Be3 cxd4 7. Bxd4 Nf6 {[%cal Bg8f6,Bf6d7,Bd7c5,Bc5e6][%mdl 32] LiveBook: 4 Games. B22: Sicilian: 2 c3} (7... Nxd4 8. Nxd4 Bc5 9. Bb5+ Kf8 10. O-O Nf6 11. Qc1 Qb6 12. Ba4 h5 13. Nd2 Bxd4 14. cxd4 Qxd4 15. Bb3 Qb6 16. Nf3 {1-0 (63) Bortnyk,O (2533)-Heberla,B (2561) Wroclaw 2014}) 8. Bb5 Be7 9. Ne5 Qd6 $146 {Black is slightly better.} ({Predecessor:} 9... Qc7 10. Qa4 Bd7 11. Nxd7 Nxd7 12. O-O O-O 13. Be3 Bd6 14. h3 f5 15. Nd2 {0-1 (53) Lopez,A (2143)-Principe,A (2341) Lima 2015}) 10. Qa4 {[%cal Re5c6]} Bd7 11. Nxd7 Nxd7 12. O-O O-O 13. Be3 a6 14. Be2 Bf6 (14... Nc5 $5 {[%cal Rc5a4]} 15. Qc2 Ne6 $11) 15. Rd1 Nc5 16. Qa3 d4 17. Bf3 Rad8 18. Bxc6 Qxc6 19. cxd4 Ne6 {[%cal Re6d4]} 20. d5 Rxd5 21. Rxd5 Qxd5 {[%cal Rd5d1] [#]} 22. Nc3 Qh5 23. Ne4 Be5 $40 {[%mdl 128] Black mounts an attack.} 24. Ng3 Qg6 25. Qb4 h5 26. Re1 b5 27. b3 Rc8 {[%cal Bf8c8,Bc8c2,Bc2b2,Bb2b1][%mdl 32]} 28. Qh4 $1 Rc2 29. a4 (29. f4 $1 $11 Bf6 30. Qxh5 Qxh5 31. Nxh5) 29... Rb2 $17 30. axb5 axb5 31. Nxh5 $2 {[%mdl 8192]} (31. Qxh5 $17 {was necessary.} Qxh5 32. Nxh5) 31... Rb1 $19 {[%cal Rb1e1] [#]} 32. f4 $2 (32. Bd2 Rxe1+ 33. Bxe1) 32... Bc3 {Precision: White = 42%, Black = 68%.} 0-1

[Event "XVII MetLife Najdorf Open 2017"]
[Site "Warsaw"]
[Date "2017.07.10"]
[Round "2.20"]
[White "Stefanova, Antoaneta"]
[Black "Zujev, Oleg"]
[Result "1/2-1/2"]
[WhiteElo "2512"]
[BlackElo "2366"]
[Annotator "TA"]
[PlyCount "76"]
[EventDate "2017.??.??"]
[EventType "swiss"]
[EventCountry "POL"]
[SourceTitle "playchess.com"]
[Source "ChessBase"]
[SourceQuality "1"]

{[%evp 12,76,12,0,0,0,4,7,20,-1,-1,-2,0,-5,31,24,11,6,10,28,29,7,11,0,0,0,0,0,0,-14,-13,-13,-6,-25,-25,-25,-25,-46,-53,-46,-46,-73,-60,-68,-46,-54,-46,-107,-24,-30,-9,-156,-139,-137,-106,-160,-156,-156,-129,-135,-121,-106,0,-113,0,-97,0]} 1. d4 Nf6 2. Nf3 g6 3. g3 Bg7 4. Bg2 d5 5. O-O O-O 6. Nbd2 a5 7. a4 {LiveBook: 3 Games. D02: 1 d4 d5 2 Nf3 sidelines, including 2...Nf6 3 g3 and 2...Nf6 3 Bf4} (7. c4 a4 8. cxd5 Qxd5 9. Nb1 Rd8 10. Bf4 Qa5 11. Qc1 Nc6 12. Na3 Nxd4 13. Nxd4 Rxd4 14. Qxc7 Nd5 15. Qxa5 Rxa5 {½-½ (51) Harikrishna,P (2755)-Mamedyarov,S (2772) Shamkir 2017}) 7... Na6 8. b3 $146 ({Predecessor:} 8. Nb3 b6 9. Ne5 Bb7 10. Bf4 Nh5 11. Be3 c5 12. f4 Qc7 13. c3 Nf6 14. Nd2 Ne8 {0-1 (46) Bogut,Z (2460)-Timofeev,A (2664) Neum 2008}) 8... Bf5 9. Bb2 {The position is equal.} c5 10. dxc5 Nxc5 11. Nd4 $1 Nfe4 12. Rb1 (12. e3 {is more complex.} Rc8 13. Rb1 Bd7 14. Nxe4 dxe4 15. Qe2) 12... Qb6 (12... Bg4 {seems wilder.} 13. f3 Nxd2 14. Qxd2 Bd7 15. f4 e6) 13. Nxf5 gxf5 14. Bxg7 Kxg7 15. Nxe4 dxe4 16. Qd4+ f6 {[%cal Bf7f6,Bf6e5,Be5e4][%mdl 32]} 17. Rfd1 Rfd8 18. Qe3 Qc7 19. Qc3 Qe5 20. Qxe5 fxe5 21. e3 Na6 22. f3 exf3 23. Bxf3 e4 $36 {[%mdl 2048] White is under pressure.} 24. Be2 Nb4 25. Rxd8 Rxd8 26. Rd1 Rxd1+ 27. Bxd1 $17 {[%mdl 4096] Endgame KB-KN} Kf6 28. Kf2 e5 29. Ke2 (29. h4 $15) 29... Kg5 (29... Nd5 $17) 30. Kd2 $11 f4 31. Be2 {[#]} (31. c3 $11 {keeps the balance.} Nd5 32. h4+ Kf6 33. gxf4) 31... Nd5 $1 $17 32. exf4+ exf4 33. gxf4+ (33. Bc4 $142 Ne3 34. gxf4+ Kxf4 35. Be2) 33... Kxf4 34. c3 h6 35. Bd1 Ne3 36. Be2 Nd5 37. Bd1 $1 Ne3 38. Be2 Nd5 {Precision: White = 44%, Black = 63%.} ({Better is} 38... b6 $17) 1/2-1/2

[Event "XVII MetLife Najdorf Open 2017"]
[Site "Warsaw"]
[Date "2017.07.10"]
[Round "2.21"]
[White "Adamski, Jan"]
[Black "Kanarek, Marcel"]
[Result "0-1"]
[WhiteElo "2250"]
[BlackElo "2509"]
[Annotator "ChessBase"]
[PlyCount "63"]
[EventDate "2017.??.??"]
[EventType "swiss"]
[EventCountry "POL"]
[SourceTitle "playchess.com"]
[Source "ChessBase"]
[SourceQuality "1"]
[TimeControl "40/5400+30:1800+30"]

1. d4 Nf6 2. c4 g6 3. Nc3 Bg7 4. e4 d6 5. Be2 O-O 6. Bg5 h6 7. Be3 c5 8. dxc5 Qa5 9. Bd2 Qxc5 10. Nf3 Be6 11. Be3 Qc8 12. b3 d5 13. exd5 Nxd5 14. Nxd5 Bxd5 15. Rc1 Be4 16. O-O Nc6 17. c5 Rd8 18. Qe1 g5 19. Nd2 Bf5 20. f3 Nb4 21. Ne4 a5 22. Bc4 Nxa2 23. Rd1 Rxd1 24. Qxd1 Nb4 25. Qd2 Qc7 26. Rd1 Nc6 27. Qc1 Rd8 28. Ng3 Bg6 29. Rxd8+ Qxd8 30. Ne2 Ne5 31. h3 Nxc4 32. bxc4 0-1

[Event "XVII MetLife Najdorf Open 2017"]
[Site "Warsaw"]
[Date "2017.07.10"]
[Round "2.22"]
[White "Szadkowski, Kamil"]
[Black "Debashis, Das"]
[Result "1/2-1/2"]
[WhiteElo "2237"]
[BlackElo "2505"]
[Annotator "ChessBase"]
[PlyCount "44"]
[EventDate "2017.??.??"]
[EventType "swiss"]
[EventCountry "POL"]
[SourceTitle "playchess.com"]
[Source "ChessBase"]
[SourceQuality "1"]
[TimeControl "40/5400+30:1800+30"]

1. e4 c5 2. Nf3 d6 3. d4 cxd4 4. Nxd4 Nf6 5. Nc3 a6 6. Bc4 e6 7. Bb3 Nbd7 8. O-O Nc5 9. f4 Ncxe4 10. Nxe4 Nxe4 11. f5 e5 12. Qh5 Qd7 13. Re1 Nf6 14. Qg5 Qc7 15. Be3 Bd7 16. a4 Rg8 17. a5 Be7 18. Nf3 h6 19. Qg3 Ne4 20. Qg4 Nf6 21. Qg3 Ne4 22. Qg4 Nf6 1/2-1/2

[Event "XVII MetLife Najdorf Open 2017"]
[Site "Warsaw"]
[Date "2017.07.10"]
[Round "2.23"]
[White "Riff, Jean-Noel"]
[Black "Przedmojski, Rafal"]
[Result "1/2-1/2"]
[WhiteElo "2493"]
[BlackElo "2355"]
[Annotator "TA"]
[PlyCount "49"]
[EventDate "2017.??.??"]
[EventType "swiss"]
[EventCountry "POL"]
[SourceTitle "playchess.com"]
[Source "ChessBase"]
[SourceQuality "1"]

{[%evp 10,49,25,25,48,29,33,11,10,11,17,12,37,33,57,41,39,58,56,32,73,66,61,50,59,29,28,26,26,27,24,29,31,31,40,25,44,37,48,0,14,7]} 1. e4 c5 2. Nf3 Nc6 3. Bb5 Nf6 4. Bxc6 dxc6 5. d3 Bg4 6. Nbd2 {[%cal Bb1d2,Bd2c4,Bc4e3][%mdl 32] LiveBook: 50 Games. B30: Sicilian: 2...Nc6 3 Bb5, lines without ...g6} Qc7 7. h3 Bh5 8. g4 {White is slightly better.} Bg6 9. Nc4 Nd7 10. a4 $146 {[%cal Ba2a4,Ba4a5][%mdl 32]} ({Predecessor:} 10. Bd2 e5 11. Nh4 f6 12. Nxg6 hxg6 {1-0 (60) Artemiev,V (2663)-Andreikin,D (2736) Sochi 2016}) 10... e5 (10... b5 {looks sharper.} 11. Ne3 e6 12. b3 Bd6 13. Bb2 f6) 11. Nh4 f6 12. Nxg6 hxg6 13. g5 Nb6 14. Ne3 Qd7 15. a5 Nc8 16. Qf3 Qf7 17. b3 Nd6 18. Nc4 Nxc4 19. bxc4 Bd6 20. Be3 a6 21. gxf6 gxf6 22. Rg1 Rd8 23. Qg4 g5 24. Rg3 Qd7 25. Ke2 {Precision: White = 73%, Black = 44%.} 1/2-1/2

[Event "XVII MetLife Najdorf Open 2017"]
[Site "Warsaw"]
[Date "2017.07.10"]
[Round "2.24"]
[White "Karwowski, Kacper"]
[Black "Annaberdiev, Meilis"]
[Result "0-1"]
[WhiteElo "2221"]
[BlackElo "2485"]
[Annotator "ChessBase"]
[PlyCount "94"]
[EventDate "2017.??.??"]
[EventType "swiss"]
[EventCountry "POL"]
[SourceTitle "playchess.com"]
[Source "ChessBase"]
[SourceQuality "1"]
[TimeControl "40/5400+30:1800+30"]

1. e4 c5 2. c3 Qa5 3. Nf3 d6 4. Bc4 Nf6 5. Qe2 Nc6 6. e5 dxe5 7. Nxe5 Nxe5 8. Qxe5 e6 9. O-O Qb6 10. Na3 Bd7 11. Qe2 Bd6 12. Bb5 Bxb5 13. Nxb5 Be7 14. Rd1 Rd8 15. Na3 O-O 16. Nc4 Qc7 17. d4 cxd4 18. cxd4 Rc8 19. Ne3 Rfd8 20. b3 Nd5 21. Bb2 Qa5 22. Nc4 Qa6 23. Qf3 Bf6 24. a3 Ne7 25. Ne5 Bxe5 26. dxe5 Rxd1+ 27. Rxd1 Nd5 28. g3 h6 29. Rc1 Rxc1+ 30. Bxc1 Qc6 31. Be3 Qc3 32. Kg2 Qxe5 33. Bxa7 b6 34. Qd3 Qc7 35. Qa6 h5 36. h4 Qc6 37. Kg1 f5 38. Bb8 Qc1+ 39. Kg2 Qc2 40. Bf4 Qxb3 41. Be5 Qc2 42. Qa8+ Kh7 43. Qe8 Ne3+ 44. Kf3 Qe4+ 45. Ke2 Ng4+ 46. Kf1 Qxe5 47. Qxh5+ Nh6 0-1

[Event "XVII MetLife Najdorf Open 2017"]
[Site "Warsaw"]
[Date "2017.07.10"]
[Round "2.25"]
[White "Dmochowska, Agnieszka"]
[Black "Puranik, Abhimanyu"]
[Result "1/2-1/2"]
[WhiteElo "2202"]
[BlackElo "2479"]
[Annotator "ChessBase"]
[PlyCount "78"]
[EventDate "2017.??.??"]
[EventType "swiss"]
[EventCountry "POL"]
[SourceTitle "playchess.com"]
[Source "ChessBase"]
[SourceQuality "1"]
[TimeControl "40/5400+30:1800+30"]

1. d4 Nf6 2. c4 g6 3. Nc3 d5 4. cxd5 Nxd5 5. e4 Nxc3 6. bxc3 Bg7 7. Rb1 O-O 8. Nf3 c5 9. Be2 cxd4 10. cxd4 Qa5+ 11. Bd2 Qxa2 12. O-O Bg4 13. Bg5 h6 14. Be3 Nc6 15. d5 Na5 16. Bc5 b6 17. Bxe7 Rfe8 18. d6 Nc6 19. Bb5 Nxe7 20. Bxe8 Rxe8 21. dxe7 Qa3 22. h3 Bc8 23. Qc2 Qxe7 24. Rfc1 Bb7 25. Qa4 Ra8 26. Rc4 Bf8 27. Rd1 Rc8 28. Rcd4 Bc6 29. Qb3 Qc7 30. Nh4 Bc5 31. R4d2 Qe7 32. Nf3 a5 33. Nd4 Be8 34. Nb5 Bb4 35. Nd6 Rc6 36. Nxe8 Bxd2 37. Rxd2 Qxe8 38. Qd5 Rc5 39. Qb7 Qc6 1/2-1/2

[Event "XVII MetLife Najdorf Open 2017"]
[Site "Warsaw"]
[Date "2017.07.10"]
[Round "2.26"]
[White "Nihal Sarin"]
[Black "Spitzl, Vinzent"]
[Result "1-0"]
[WhiteElo "2471"]
[BlackElo "2348"]
[Annotator "ChessBase"]
[PlyCount "81"]
[EventDate "2017.??.??"]
[EventType "swiss"]
[EventCountry "POL"]
[SourceTitle "playchess.com"]
[Source "ChessBase"]
[SourceQuality "1"]
[TimeControl "40/5400+30:1800+30"]

1. c4 e6 2. g3 Nf6 3. Bg2 d5 4. Nf3 Be7 5. O-O O-O 6. b3 c5 7. cxd5 Nxd5 8. Bb2 b6 9. d4 Bb7 10. dxc5 Bxc5 11. a3 Nd7 12. e4 N5f6 13. b4 Be7 14. e5 Nd5 15. Nbd2 a5 16. b5 Nc5 17. Nc4 Qc7 18. Rc1 Rfd8 19. Nd4 Rac8 20. Qe2 Bf8 21. Rfd1 Rd7 22. h4 Qd8 23. Ne3 Nxe3 24. Qxe3 Bxg2 25. Kxg2 Rd5 26. Qf3 Rc7 27. Nc6 Qd7 28. Rxd5 Qxd5 29. Qxd5 exd5 30. Bd4 g6 31. Rc2 Rb7 32. Bxc5 Bxc5 33. a4 Rc7 34. g4 Kg7 35. f4 f6 36. e6 f5 37. g5 Bd6 38. Rd2 Bxf4 39. Rxd5 Kf8 40. Kf3 Bh2 41. Rd2 1-0

[Event "XVII MetLife Najdorf Open 2017"]
[Site "Warsaw"]
[Date "2017.07.10"]
[Round "2.27"]
[White "Thybo, Jesper Sondergaard"]
[Black "Rahul Srivatshav P"]
[Result "1-0"]
[WhiteElo "2465"]
[BlackElo "2295"]
[Annotator "TA"]
[PlyCount "119"]
[EventDate "2017.??.??"]
[EventType "swiss"]
[EventCountry "POL"]
[SourceTitle "playchess.com"]
[Source "ChessBase"]
[SourceQuality "1"]

{[%evp 19,119,40,42,23,29,28,56,46,50,40,52,44,41,42,63,58,65,48,68,40,45,46,54,42,53,60,55,51,60,63,113,89,95,91,95,40,34,35,116,116,116,116,110,111,108,108,108,108,108,113,550,503,574,568,637,532,1026,923,1937,1250,805,110,110,110,110,110,110,110,110,110,110,110,110,110,110,110,110,110,110,110,110,0,110,0,110,110,110,110,110,110,2147,2111,1985,1579,29982,29983,29983,29984,29984,29985,29985,29986]} 1. Nf3 Nf6 2. g3 g6 3. Bg2 Bg7 4. O-O O-O 5. d4 d6 6. c4 Nc6 7. Nc3 a6 8. h3 Bd7 9. e4 e5 10. dxe5 dxe5 11. Be3 {E63: King's Indian: Fianchetto: Panno Variation with 7...a6} Be6 12. b3 h6 13. Qc1 {White is slightly better.} Kh7 14. Rd1 Qc8 15. Kh2 Rd8 {[#]} 16. Qc2 $146 ({Predecessor:} 16. Qb2 Rxd1 17. Rxd1 Ne8 18. Nd5 f5 {1-0 (76) Tregubov,P (2628)-Socko,B (2556) playchess.com INT 2004}) 16... Rxd1 17. Rxd1 Qf8 18. Nd5 Rc8 19. Qb1 Nd7 20. b4 Ne7 21. Nh4 Kg8 22. Bf1 Nc6 23. Nf3 Ne7 24. c5 {[%cal Bc4c5,Bc5b6][%mdl 32]} c6 25. Nb6 $1 {[%cal Rb6d7]} Nxb6 26. cxb6 f5 27. Bc5 (27. Rd6 $16 Qf7 28. Qb2 fxe4 29. Nxe5) 27... Qf7 28. Nd2 Rd8 ({Wrong is} 28... Bxa2 $2 29. Qxa2 $3 {[%mdl 512]} Qxa2 30. Bc4+ Qxc4 31. Nxc4 $18) ({Better is} 28... fxe4 $14 29. Bxe7 Qxe7) 29. Nc4 $1 $16 Rxd1 30. Qxd1 Bxc4 31. Qd8+ Bf8 ({Avoid the trap} 31... Kh7 $2 32. Bxc4 Qxc4 33. Qxe7 $18) 32. Bxc4 Qxc4 33. Bxe7 Qf7 34. Bc5 $1 f4 $2 {[%mdl 8192]} (34... fxe4 $16 35. Qb8 Qg7) 35. g4 $1 $18 {[%cal Bg3g4,Bg4g5][%mdl 32]} f3 36. h4 Qf4+ 37. Kh3 Qf7 38. g5 h5 39. a3 Qf4 40. Qxf8+ $2 (40. Qc8 $18 {and the rest is easy. And now Bxf8 would win.} Qg4+ 41. Qxg4 hxg4+ 42. Kxg4) 40... Qxf8 $16 41. Bxf8 Kxf8 $18 {[%mdl 4096] Endgame KP-KP} 42. Kg3 Ke7 43. Kxf3 Ke6 44. Ke3 Kd6 45. Kd3 Ke6 46. Kc3 Kd7 47. Kb3 Ke6 48. Ka4 Kd7 49. Ka5 Ke6 50. Ka4 Kd7 $1 51. Kb3 Ke6 $1 52. Kc4 Kd6 53. a4 {[%cal Ba3a4,Ba4a5][%mdl 32]} Kd7 54. Kc5 Ke6 $2 {[%mdl 8192]} (54... Ke7 $16) 55. a5 Kd7 56. b5 $1 {[%cal Rb5a6]} axb5 {[#]} 57. f4 $1 {[%mdl 512] White mates.} exf4 {[#]} 58. a6 $1 {[%mdl 512]} bxa6 {[#]} 59. e5 $1 {[%cal Be4e5,Be5e6][%mdl 32]} f3 {[#]} 60. e6+ $1 {[%mdl 512] Precision: White = 70%, Black = 52%.} 1-0

[Event "XVII MetLife Najdorf Open 2017"]
[Site "Warsaw"]
[Date "2017.07.10"]
[Round "2.28"]
[White "Miroshnichenko, Pavel"]
[Black "Efimenko, Zahar"]
[Result "0-1"]
[WhiteElo "2294"]
[BlackElo "2643"]
[Annotator "TA"]
[PlyCount "102"]
[EventDate "2017.??.??"]
[EventType "swiss"]
[EventCountry "POL"]
[SourceTitle "playchess.com"]
[Source "ChessBase"]
[SourceQuality "1"]

{[%evp 13,102,6,49,34,35,29,33,37,44,39,46,44,43,18,31,26,15,18,62,37,72,8,16,15,14,16,6,6,9,0,0,0,0,0,0,-7,32,36,61,51,55,35,50,66,73,72,81,79,71,69,74,42,38,0,0,-245,-244,-196,-237,-242,-241,-236,-234,-264,-223,-383,-262,-426,-427,-649,-432,-459,-437,-433,-429,-441,-377,-356,-356,-357,-347,-432,-426,-424,-424,-547,-547,-539,-530,-512,-495]} 1. e4 d6 2. d4 g6 3. Nc3 Bg7 4. Nf3 Nf6 5. Be2 a6 6. O-O O-O 7. h3 e6 {LiveBook: 10 Games. B08: Pirc Defence: Classical System} (7... Nc6 8. Be3 e5 9. dxe5 Nxe5 10. Nxe5 dxe5 11. Qxd8 Rxd8 12. Bc4 b5 13. Bb3 Bb7 14. f3 Bf8 15. a4 b4 16. Nb1 Nd7 17. Nd2 Bc5 18. Kf2 a5 19. Rfd1 Kg7 {1-0 (46) Carlsen,M (2868)-Svidler,P (2769) Stavanger 2013}) 8. Bg5 h6 9. Be3 b5 $146 {White has an edge.} ({Predecessor:} 9... Nc6 10. a4 b6 11. Re1 Bb7 12. Bf1 Ne7 13. Bf4 Qd7 14. e5 Nh7 15. Bh2 {1-0 (69) Dimitrov,A (2319)-Kislinsky,A (2475) Loutraki 2015}) 10. e5 dxe5 11. Nxe5 Bb7 12. Bf3 Qc8 13. a4 b4 14. Na2 a5 15. c3 bxc3 16. Nxc3 Na6 17. Nc6 (17. Rc1 $16) 17... Bxc6 $1 $11 18. Bxc6 Rb8 19. Nb5 Nb4 20. Rc1 Nfd5 21. Qd2 Nxe3 22. fxe3 Rb6 23. Be4 c6 $1 24. Rc5 Qb8 25. Na3 $1 $36 {[%mdl 2048] White is pushing.} Nd5 26. Nc4 Rb4 27. Rxc6 (27. b3 $5) 27... Rxa4 28. b3 Qxb3 29. Bc2 Qa2 30. Bxa4 Qxa4 31. Rc5 ({Stronger than} 31. Nxa5 Nxe3 32. Rfc1 Bxd4 $17) 31... Qb3 32. Kh1 a4 33. Rc1 (33. e4 $5 {[%cal Re4d5]} Nf6 34. Nd6 $16) 33... Bf6 34. Rd1 $2 {[#]} (34. Qc2 $11 {and White has nothing to worry.}) 34... Nc3 $1 $19 {[%cal Rc3d1]} 35. Rc1 Ne4 36. Qa5 Nxc5 37. Qxc5 Bg5 38. Re1 Qc3 39. Re2 $2 {[#]} (39. Rf1) 39... Be7 $1 {[%mdl 512]} 40. Qc6 $2 (40. Qxe7 {was called for.} Qxc4 41. Re1) 40... a3 41. Qa4 (41. Kh2 $142 Qc1 42. Qa4) 41... Qb4 42. Qa6 Qb1+ 43. Kh2 Qb8+ 44. Kg1 Qa8 45. Qxa8 Rxa8 {[%mdl 4096] Endgame KRB-KRN} 46. Ra2 Rc8 47. Ne5 Rc3 {Black is clearly winning.} 48. Kf2 Bg5 49. Nf3 Bxe3+ 50. Ke2 Bc1 51. Ne5 Bb2 {Precision: White = 51%, Black = 73%.} 0-1